00822nam a22002057a 450000500170000000800410001702000180005804000250007604100080010104400070010908200190011611000760013524501350021126000490034630000370039565000390043265000580047165000510052965000360058020150128111628.0110525s2010 ck ab gr f00010 spa d a9789588491356 aCO-BoIAVHcCO-BoIAVH aspa ack04a333.91 bC718p1 aColombia. b Ministerio de Ambiente, Vivienda y Desarrollo Territorial.10aPolítica nacional para la gestión integral del recurso hídrico /cMinisterio de Ambiente, Vivienda y Desarrollo Territorial. aBogotá : bMinisterio de Ambiente, c2010. a127 p. : bil., mapas ; c28 cm. 4aUtilización del aguaz Colombia. 4aConservación del aguax Planificaciónz Colombia. 4aRecursos hídricosx Protecciónz Colombia. 4aGestión ambientalz Colombia.